| 000 | 01532cam a2200385 a 4500 | ||
|---|---|---|---|
| 999 |
_c23723 _d23723 |
||
| 001 | 15601394 | ||
| 003 | OSt | ||
| 005 | 20170613094940.0 | ||
| 008 | 090127s2010 flua b 001 0 eng | ||
| 010 | _a 2009003653 | ||
| 015 |
_aGBA945127 _2bnb |
||
| 016 | 7 |
_a015175508 _2Uk |
|
| 020 | _a9781420070606 (alk. paper) | ||
| 020 | _a1420070606 (alk. paper) | ||
| 035 | _a(OCoLC)ocn166872497 | ||
| 040 |
_aDLC _cRCMS _dBTCTA _dBAKER _dUKM _dYDXCP _dC#P _dBWX _dCDX _dDLC |
||
| 050 | 0 | 0 |
_aTS170 _b.M34 2010 |
| 082 | 0 | 0 |
_a658.5/75 MAG _222 |
| 100 |
_aEdward B.Magrab,Satyandra K.Gupta F. Patrick McCluskey Peter A. Sandborn _92469 |
||
| 245 | 0 | 0 |
_aIntegrated product and process design and development : _bthe product realization process / _cEdward B. Magrab ... [et al.]. |
| 250 | _a2nd ed. | ||
| 260 |
_aBoca Raton, FL : _bCRC Press, _cc2010. |
||
| 300 |
_axviii, 333 p. : _bill. ; _c26 cm. |
||
| 500 | _aPrev. ed. entered under Edward B. Magrab. | ||
| 504 | _aIncludes bibliographical references and index. | ||
| 538 | _iShelf No 1 Row No 4 | ||
| 650 | 0 |
_aNew products. _92470 |
|
| 650 | 0 |
_aProduction engineering. _92471 |
|
| 650 | 0 |
_aIndustrial design. _92472 |
|
| 650 | 0 |
_aQuality control. _9869 |
|
| 700 | 1 |
_aMagrab, Edward B. _92473 |
|
| 700 | 1 |
_aMagrab, Edward B. _tIntegrated product and process design and development. _92474 |
|
| 856 | _3Table of Content Only | ||
| 906 |
_a7 _bcbc _corignew _d1 _eecip _f20 _gy-gencatlg |
||
| 942 |
_2ddc _cBK |
||